[Event "Mukachevo 7th"]
[Site "Mukachevo"]
[Date "2011.05.09"]
[Round "8"]
[White "Barayev, Anton"]
[Black "Nayhebaver, Martin"]
[Result "0-1"]
[WhiteElo "2179"]
[BlackElo "2089"]
[PlyCount "70"]
[EventDate "2011.05.05"]
[EventType "tourn"]
[EventRounds "9"]
[EventCountry "UKR"]
[SourceTitle "EXT 2012"]
[Source "ChessBase"]
[SourceDate "2011.11.24"]
[SourceVersion "1"]
[SourceVersionDate "2011.11.24"]
[SourceQuality "1"]

1. d4 g6 2. Nf3 Nf6 3. e3 Bg7 4. Bd3 0-0 5. b4 d6 6. Bb2 c5 7. c3 b6 8. Nbd2 Bb7 9. 0-0 Nbd7 10. Qe2 e5 11. Ba6 Bxa6 12. Qxa6 Qe7 13. Rfd1 d5 14. dxe5 Nxe5 15. bxc5 Nxf3+ 16. Nxf3 bxc5 17. c4 Rfb8 18. Rab1 dxc4 19. Bxf6 Bxf6 20. Qxc4 Rb4 21. Qd5 Rab8 22. Rbc1 R8b5 23. Qa8+ Kg7 24. Nd2 Rb2 25. Qd5 Rb8 26. Nc4 Rxa2 27. Ne5 Rbb2 28. Nc6 Qb7 29. Rf1 Rc2 30. g3 Rxc1 31. Rxc1 Rxf2 32. Kxf2 Qb2+ 33. Kf3 Qxc1 34. e4 Qf1+ 35. Ke3 Bg5+ 0-1

[Event "Ilichevsk Sunny Pawn op"]
[Site "Ilichevsk"]
[Date "2008.07.30"]
[Round "10"]
[White "Shmat, Sergey"]
[Black "Barayev, Anton"]
[Result "0-1"]
[WhiteElo "2093"]
[BlackElo "2139"]
[PlyCount "99"]
[EventDate "2008.07.20"]
[EventType "swiss"]
[EventRounds "10"]
[EventCountry "UKR"]
[SourceTitle "CBM 125 Extra"]
[Source "ChessBase"]
[SourceDate "2008.09.01"]
[SourceVersion "1"]
[SourceVersionDate "2008.09.01"]
[SourceQuality "1"]

1. d4 d5 2. c4 c6 3. Nc3 e6 4. cxd5 exd5 5. Nf3 Bf5 6. e3 Nf6 7. Bd3 Bxd3 8. Qxd3 Bd6 9. 0-0 0-0 10. Rb1 a5 11. a3 Qe7 12. Bd2 Nbd7 13. Rfc1 Ne4 14. b4 axb4 15. axb4 b5 16. Be1 Nb6 17. Nd2 Nxd2 18. Bxd2 Nc4 19. e4 Nxd2 20. Qxd2 dxe4 21. d5 Rfd8 22. Qe2 cxd5 23. Nxb5 Bxb4 24. Nd4 Ba3 25. Rc2 Rdc8 26. Qb5 Rxc2 27. Nxc2 Bc5 28. Qc6 Rd8 29. Rb5 Qg5 30. Rb1 Be7 31. Rd1 Qe5 32. Nd4 e3 33. Nf3 exf2+ 34. Kxf2 Qf5 35. Re1 Bf8 36. Qc7 Rc8 37. Qe5 Bc5+ 38. Kf1 Qd7 39. Rd1 Rd8 40. Nd4 Re8 41. Qf5 Qa4 42. Qc2 Qxc2 43. Nxc2 d4 44. Rd2 Re4 45. g3 f5 46. Kg2 Kf7 47. Na1 Bb4 48. Rd3 Ke6 49. Nb3 Kd5 50. Nd2 0-1

[Event "Ilichevsk Sunny Pawn op"]
[Site "Ilichevsk"]
[Date "2008.07.25"]
[Round "6"]
[White "Barayev, Anton"]
[Black "Scherbakova, Alisa"]
[Result "1-0"]
[WhiteElo "2139"]
[BlackElo "2011"]
[PlyCount "59"]
[EventDate "2008.07.20"]
[EventType "swiss"]
[EventRounds "10"]
[EventCountry "UKR"]
[SourceTitle "CBM 125 Extra"]
[Source "ChessBase"]
[SourceDate "2008.09.01"]
[SourceVersion "1"]
[SourceVersionDate "2008.09.01"]
[SourceQuality "1"]

1. Nf3 Nf6 2. g3 d5 3. Bg2 c6 4. 0-0 Bf5 5. d3 Nbd7 6. c4 dxc4 7. dxc4 e5 8. Nc3 Qc7 9. Ng5 Nb6 10. e4 Bg4 11. f3 Bc5+ 12. Kh1 Bd7 13. f4 h6 14. Nf3 Nxc4 15. Qe2 b5 16. b3 Bb4 17. Qc2 Bxc3 18. Qxc3 Nb6 19. Nxe5 0-0 20. Bb2 a5 21. Rac1 Rfc8 22. f5 Be8 23. Ng4 Nbd7 24. Nxf6+ gxf6 25. Qd2 Kf8 26. Qxh6+ Ke7 27. e5 Nxe5 28. Bxe5 fxe5 29. f6+ Kd8 30. Rfd1+ 1-0

[Event "UKR-ch sf U18"]
[Site "Evpatoria"]
[Date "2007.10.07"]
[Round "6"]
[White "Barayev, Anton"]
[Black "Borisenko, Maxim"]
[Result "1-0"]
[WhiteElo "2167"]
[BlackElo "2232"]
[PlyCount "105"]
[EventDate "2007.10.02"]
[EventType "swiss"]
[EventRounds "9"]
[EventCountry "UKR"]
[SourceTitle "EXT 2023"]
[Source "ChessBase"]
[SourceDate "2022.10.05"]
[SourceVersion "1"]
[SourceVersionDate "2022.10.05"]
[SourceQuality "1"]

1. Nf3 d5 2. g3 g6 3. Bg2 Bg7 4. 0-0 Nf6 5. d3 0-0 6. Nbd2 c6 7. c4 Nbd7 8. Rb1 e5 9. Ne1 Qe7 10. e3 e4 11. d4 b6 12. Nc2 Ne8 13. b3 f5 14. f4 Qe6 15. Re1 Rf7 16. Ba3 Bf8 17. Bxf8 Rxf8 18. Bf1 Nd6 19. Rc1 Nf6 20. Nb4 Bb7 21. c5 Nf7 22. a4 a5 23. Na2 bxc5 24. Rxc5 Nd7 25. Rc3 Ba6 26. Qc2 Rfc8 27. Rc1 Bxf1 28. Nxf1 Nd8 29. Qb2 Rcb8 30. Qa3 Kf7 31. R1c2 Qe7 32. Qc1 Ra7 33. Nd2 Rab7 34. Qe1 Rc8 35. Nc1 c5 36. Ne2 Rbc7 37. Qc1 Ne6 38. Nb1 Qd8 39. Na3 cxd4 40. Rxc7 Rxc7 41. Nxd4 Rxc2 42. Qxc2 Qc7 43. Nxe6 Qxc2 44. Ng5+ Ke7 45. Nxc2 h6 46. Nh3 Kd6 47. Kf1 Nf6 48. Nf2 g5 49. Nd4 gxf4 50. gxf4 Kc5 51. Nxf5 Kb4 52. Nd4 h5 53. Ke2 1-0

[Event "UKR-ch sf U18"]
[Site "Evpatoria"]
[Date "2007.10.04"]
[Round "3"]
[White "Nazarenko, Pavel"]
[Black "Barayev, Anton"]
[Result "1-0"]
[WhiteElo "2067"]
[BlackElo "2167"]
[PlyCount "175"]
[EventDate "2007.10.02"]
[EventType "swiss"]
[EventRounds "9"]
[EventCountry "UKR"]
[SourceTitle "EXT 2023"]
[Source "ChessBase"]
[SourceDate "2022.10.05"]
[SourceVersion "1"]
[SourceVersionDate "2022.10.05"]
[SourceQuality "1"]

1. e4 d6 2. d4 Nf6 3. Nd2 e5 4. d5 c6 5. c4 Nbd7 6. Ne2 Nc5 7. Nc3 a5 8. Be2 Be7 9. 0-0 0-0 10. b3 Ne8 11. Ba3 Na6 12. Bg4 g6 13. dxc6 bxc6 14. Bxc8 Qxc8 15. Qe2 Ng7 16. Na4 Qc7 17. Nf3 Ne6 18. Rfd1 Nac5 19. Nb2 f5 20. exf5 Rxf5 21. Nd3 Nxd3 22. Qxd3 Rd8 23. b4 Nf4 24. Qb3 axb4 25. Bxb4 c5 26. Bd2 e4 27. Bxf4 exf3 28. Qe3 Rdf8 29. Bg3 fxg2 30. Qe6+ R8f7 31. a4 R5f6 32. Qe4 h5 33. a5 Kg7 34. a6 h4 35. a7 hxg3 36. a8Q gxh2+ 37. Kxg2 Rxf2+ 38. Kh1 Qd7 39. Ra7 Qh3 40. Rxe7 Rf1+ 41. Rxf1 Qxf1+ 42. Kxh2 Qf2+ 43. Kh3 Qf1+ 44. Kg3 Qg1+ 45. Qg2 Qxg2+ 46. Kxg2 Rxe7 47. Qd5 Rf7 48. Qxd6 Rf5 49. Kg3 Kh6 50. Kg4 Rg5+ 51. Kf4 Rf5+ 52. Ke4 Kg5 53. Qd8+ Kh5 54. Qd7 Kg5 55. Qe6 Rf4+ 56. Ke3 Rf5 57. Qe7+ Kg4 58. Qe4+ Kg5 59. Qg2+ Kf6 60. Qg3 Re5+ 61. Kf4 Rf5+ 62. Ke4 Kf7 63. Qh4 Ke6 64. Ke3 Kf7 65. Kd3 Ke6 66. Kc3 Rf3+ 67. Kb2 Rf5 68. Kb3 Rh5 69. Qg4+ Kf6 70. Ka4 Rf5 71. Kb5 Kg7 72. Kc6 Kf6 73. Kd6 Kf7 74. Qh4 Kg7 75. Ke6 Rf7 76. Qg5 Rf5 77. Qe7+ Kg8 78. Qd7 Kh8 79. Qd5 Kg7 80. Qb7+ Kg8 81. Qb2 Kh7 82. Qb7+ Kg8 83. Kd6 Kh8 84. Qc7 Kg8 85. Qa7 Kh8 86. Qa8+ Kg7 87. Qh1 Kf6 88. Qh6 1-0

[Event "UKR-ch sf U18"]
[Site "Evpatoria"]
[Date "2007.10.03"]
[Round "2"]
[White "Barayev, Anton"]
[Black "Mazurchak, Bogdan"]
[Result "1/2-1/2"]
[WhiteElo "2167"]
[BlackElo "2113"]
[PlyCount "97"]
[EventDate "2007.10.02"]
[EventType "swiss"]
[EventRounds "9"]
[EventCountry "UKR"]
[SourceTitle "EXT 2023"]
[Source "ChessBase"]
[SourceDate "2022.10.05"]
[SourceVersion "1"]
[SourceVersionDate "2022.10.05"]
[SourceQuality "1"]

1. e4 c5 2. Nf3 e6 3. d3 Nc6 4. g3 g6 5. Bg2 Bg7 6. c3 d5 7. Qe2 dxe4 8. dxe4 e5 9. 0-0 Nf6 10. Rd1 Qe7 11. Nbd2 b6 12. Nf1 0-0 13. Ne3 Bg4 14. h3 Bxf3 15. Qxf3 Rad8 16. Re1 Qc7 17. Ng4 Ne8 18. Bg5 f6 19. Bc1 Nd6 20. h4 Ne7 21. Qe2 b5 22. h5 gxh5 23. Nh6+ Kh8 24. Qxh5 b4 25. cxb4 cxb4 26. Be3 Bxh6 27. Bxh6 Rg8 28. a3 Rb8 29. Rac1 Qb7 30. a4 Nc6 31. Be3 Na5 32. Rcd1 Ndc4 33. Qf5 Qc6 34. Rd7 Rg6 35. Bxa7 Rbg8 36. Red1 Nb3 37. Bf1 Nba5 38. Be2 Nxb2 39. R1d6 Qc3 40. g4 Qe1+ 41. Kg2 Qxe2 42. Rxh7+ Kxh7 43. Rd7+ R8g7 44. Rxg7+ Kxg7 45. Qd7+ Kh8 46. Qd8+ Kh7 47. Qd7+ Rg7 48. Qf5+ Kg8 49. Qc8+ 1/2-1/2

[Event "UKR-ch sf U18"]
[Site "Evpatoria"]
[Date "2007.10.02"]
[Round "1"]
[White "Ledakov, Alexandr"]
[Black "Barayev, Anton"]
[Result "0-1"]
[WhiteElo "1902"]
[BlackElo "2167"]
[PlyCount "72"]
[EventDate "2007.10.02"]
[EventType "swiss"]
[EventRounds "9"]
[EventCountry "UKR"]
[SourceTitle "EXT 2023"]
[Source "ChessBase"]
[SourceDate "2022.10.05"]
[SourceVersion "1"]
[SourceVersionDate "2022.10.05"]
[SourceQuality "1"]

1. d4 d6 2. c4 e5 3. d5 f5 4. Nc3 Nf6 5. g3 Be7 6. Bg2 0-0 7. Nf3 a5 8. 0-0 Na6 9. b3 Nc5 10. Bb2 Nce4 11. Nd2 Nxc3 12. Bxc3 f4 13. Qc2 Qe8 14. e3 Qh5 15. e4 Ng4 16. h3 fxg3 17. fxg3 Ne3 18. Rxf8+ Bxf8 19. Qd3 Nxg2 20. Kxg2 Bxh3+ 21. Kg1 b6 22. Nf3 Be7 23. Bd2 Rf8 24. Nh2 Qg6 25. Be1 h5 26. Bf2 h4 27. Re1 hxg3 28. Qxg3 Qxg3+ 29. Bxg3 Bg5 30. Re2 Bf4 31. Be1 Rf6 32. Rc2 Be3+ 33. Kh1 Rg6 34. Nf3 Bf1 35. Rh2 Bd3 36. Rh4 Be2 0-1